01174 a2200181 45000010006000000050017000060080041000230030015000640400040000790800096001192450115002150200022003302640043003523000019003955050550004140410008009641000020009726249320260407155918.0260407a2003 arg spa dAR-UNSa-BCEJYS aAR-UNSa-BCEJYSbspacAR-UNSa-BCEJYS a338.246xMedidas económicas. Instrumentos de la política económica (Privatización))10aLas privatizaciones en la ArgentinapDiagnóstico y propuestas para una mayor competitividad y equidad social a978-84-95294-45-6 1aBuenos Aires :bFundación OSDEc2003 a344 p.c22 cm. a1. Las privatizaciones y sus impactos macroeconómicos, institucionales y sociales - 2. Las principales problemáticas y especificidades sectoriales en el ámbito de las áreas-mercados privatizados – 3. Formulación de medidas y acciones específicas de corto plazo. Lineamientos generales – 4. Lineamientos de políticas públicas en el plano agregado de los servicios privatizados – 5. La renegociación del conjunto de los contratos con las empresas privatizadas bajo la administración de Duhalde – 6. Reflexiones finales. aspa1 aAzpiazu, Daniel